<?xml version="1.0" encoding="UTF-8"?>
<marc:record xmlns:marc="http://www.loc.gov/MARC21/slim">
   <marc:leader>00000nam a2200000 a 4500</marc:leader>
   <marc:datafield ind1="1" ind2=" " tag="100">
      <marc:subfield code="a">Helmhausen, Ole</marc:subfield>
      <marc:subfield code="4">aut</marc:subfield>
      <marc:subfield code="e">Verfasser/-in</marc:subfield>
   </marc:datafield>
   <marc:datafield ind1="1" ind2=" " tag="100">
      <marc:subfield code="a">Hunfeld, Manuela</marc:subfield>
      <marc:subfield code="4">ctb</marc:subfield>
      <marc:subfield code="e">Mitwirkende/-r</marc:subfield>
   </marc:datafield>
   <marc:datafield ind1=" " ind2=" " tag="653">
      <marc:subfield code="a">Big Sur</marc:subfield>
   </marc:datafield>
   <marc:datafield ind1=" " ind2=" " tag="653">
      <marc:subfield code="a">Canyonlands</marc:subfield>
   </marc:datafield>
   <marc:datafield ind1=" " ind2=" " tag="653">
      <marc:subfield code="a">Death Valley</marc:subfield>
   </marc:datafield>
   <marc:datafield ind1=" " ind2=" " tag="653">
      <marc:subfield code="a">Everglades</marc:subfield>
   </marc:datafield>
   <marc:datafield ind1=" " ind2=" " tag="653">
      <marc:subfield code="a">Grand Canyon</marc:subfield>
   </marc:datafield>
   <marc:datafield ind1=" " ind2=" " tag="653">
      <marc:subfield code="a">Highway 1</marc:subfield>
   </marc:datafield>
   <marc:datafield ind1=" " ind2=" " tag="653">
      <marc:subfield code="a">Key West</marc:subfield>
   </marc:datafield>
   <marc:datafield ind1=" " ind2=" " tag="653">
      <marc:subfield code="a">Lake Tahoe</marc:subfield>
   </marc:datafield>
   <marc:datafield ind1=" " ind2=" " tag="653">
      <marc:subfield code="a">Monument Valley</marc:subfield>
   </marc:datafield>
   <marc:datafield ind1=" " ind2=" " tag="653">
      <marc:subfield code="a">Niagara</marc:subfield>
   </marc:datafield>
   <marc:datafield ind1=" " ind2=" " tag="653">
      <marc:subfield code="a">Rocky Mountains</marc:subfield>
   </marc:datafield>
   <marc:datafield ind1=" " ind2=" " tag="653">
      <marc:subfield code="a">Route 66</marc:subfield>
   </marc:datafield>
   <marc:datafield ind1=" " ind2=" " tag="653">
      <marc:subfield code="a">Yellowstone</marc:subfield>
   </marc:datafield>
   <marc:datafield ind1=" " ind2=" " tag="653">
      <marc:subfield code="a">Yosemite</marc:subfield>
   </marc:datafield>
   <marc:datafield ind1=" " ind2=" " tag="653">
      <marc:subfield code="a">Softcover / Reisen/Reiseführer/Nordamerika</marc:subfield>
   </marc:datafield>
   <marc:datafield ind1=" " ind2=" " tag="653">
      <marc:subfield code="a">Mittelamerika</marc:subfield>
   </marc:datafield>
   <marc:datafield ind1=" " ind2=" " tag="653">
      <marc:subfield code="a">Führer</marc:subfield>
   </marc:datafield>
   <marc:datafield ind1="0" ind2="0" tag="245">
      <marc:subfield code="a">USA</marc:subfield>
   </marc:datafield>
   <marc:datafield ind1="0" ind2="0" tag="245">
      <marc:subfield code="c">Text: Ole Helmhausen ; mit Beiträgen von Rainer Eisenschmid [und 6 anderen] ; Bearbeitung: Baedeker-Redaktion (Manuela Hunfeld)</marc:subfield>
   </marc:datafield>
   <marc:datafield ind1=" " ind2="1" tag="264">
      <marc:subfield code="a">Ostfildern</marc:subfield>
      <marc:subfield code="b">Verlag Karl Baedeker</marc:subfield>
      <marc:subfield code="c">2017</marc:subfield>
   </marc:datafield>
   <marc:datafield ind1="1" ind2=" " tag="490">
      <marc:subfield code="a">Baedeker</marc:subfield>
   </marc:datafield>
   <marc:datafield ind1=" " ind2=" " tag="250">
      <marc:subfield code="a">9. Aufl.</marc:subfield>
   </marc:datafield>
   <marc:datafield ind1="1" ind2=" " tag="520">
      <marc:subfield code="a">Angaben aus der Verlagsmeldung

Baedeker Reiseführer USA : mit GROSSER REISEKARTE / von Ole Helmhausen

America the beautiful
Der Baedeker USA führt durch Weltstädte wie New York und Los Angeles ebenso wie durch grandiose Landschaften, über hitzeflimmernde Highways und Schneestürmen in den Rockies. Entertainment à la Disney oder Glücksspiel  in Las Vegas: Die Vereinigten Staaten von Amerika ist eine Welt in einem Land!
Das Kapitel Hintergrund beschäftigt sich mit Wissenswertem über die vielfältige Natur der Vereinigten Staaten, über die Geschichte, Wirtschaft und Kultur, über die Menschen des Landes und ihren Alltag und natürlich auch über Westernhelden und Hollywoodstars. Was sind die typischen Gerichte und wo kann man sie probieren? Was kann man mit Kindern unternehmen? Antworten auf diese und viele andere Fragen, gibt das Kapitel "Erleben und Genießen". Entdecken Sie die USA unterwegs: Spannende Touren verbinden Traumziele von Ost nach West, auf der Route 66 von Chicago nach Los Angeles oder auf dem Highway No. 1. Führen zu den Megacitys im Nordosten, zu Sonne, Strand und Meer, zu spektakulären Gletschern, schlummernden Vulkane im Nordwesten, zu Music, Coke und Catfish und eröffnen authentische Einblicke in das indigene Erbe der USA. Orte, an denen man nicht einfach vorbeigehen sollte, sind im großen Kapitel Sehenswürdigkeiten von A -   Z ausführlich beschrieben.
Infografiken zeigen u.a. die USA auf einen Blick, woher die Amerikaner kommen und Wolkenkratzer. Einzigartige 3D-Darstellungen geben einen lebendigen Einblick in historische Bauwerke wie das Weiße Haus oder die Golden Gate Bridge und erklären anschaulich die Gesetzesschmiede der USA, ausgewählte Naturphänomene wie den Grand Canyon und die Niagara Falls. Die Baedeker-Tipps verraten wo man die typischsten Westernstiefel bekommt, wo Rocky Schweiß vergoss, die Wiege der Easy Rider steht und vor allem wie man weit und günstig durch die USA reisen kann.
</marc:subfield>
   </marc:datafield>
   <marc:datafield ind1=" " ind2=" " tag="020">
      <marc:subfield code="a">9783829718585</marc:subfield>
      <marc:subfield code="9">9783829718585</marc:subfield>
   </marc:datafield>
   <marc:datafield ind1=" " ind2=" " tag="020">
      <marc:subfield code="a">3829718586</marc:subfield>
      <marc:subfield code="9">3829718586</marc:subfield>
   </marc:datafield>
   <marc:datafield ind1=" " ind2=" " tag="041">
      <marc:subfield code="a">ger</marc:subfield>
   </marc:datafield>
   <marc:datafield ind1=" " ind2=" " tag="300">
      <marc:subfield code="a">745 Seiten</marc:subfield>
   </marc:datafield>
</marc:record>
